Quels mots sont français? - Statistiques

Statistiques générales
  • Ce quiz a été pris 112 fois
  • Le résultat moyen est 3 sur 12
Answers on the Grid
Answers color-coded by a green-red scale on the quiz's grid according to % correct below.
parangon
faraud
poradieu
mynsage
clapotis
ignard
myrrhe
hospice
cavesque
phygie
hypallion
sycophante
anémie
méphellique
nantir
quaillat
spécieux
pétrichor
œcuménisme
barrot
enfractuosité
 
Statistiques - réponses
Réponse % Correct
hospice
54%
anémie
50%
clapotis
49%
œcuménisme
29%
parangon
29%
myrrhe
26%
spécieux
26%
faraud
20%
barrot
18%
nantir
15%
sycophante
14%
pétrichor
12%
Aucun quiz correspondant
Distribution des résultats
% des personnes avec chaque résultat
Percentile par nombre de réponses
Votre historique - résultats
Vous n’avez pas pris ce quiz